Normal view
MARC view
- Khan Shawaz Muhammad Rashid Abdul Rehman Qureshi
Entry Personal Name
001 - CONTROL NUMBER
- control field: 70585
003 - CONTROL NUMBER IDENTIFIER
- control field: NUST
005 - DATE AND TIME OF LATEST TRANSACTION
- control field: 20210628204523.0
008 - FIXED-LENGTH DATA ELEMENTS
- fixed length control field: 210628|| aca||aabn | a|a d
040 ## - CATALOGING SOURCE
- Original cataloging agency: NUST
- Transcribing agency: NUST
100 ## - HEADING--PERSONAL NAME
- Personal name: Khan Shawaz Muhammad Rashid Abdul Rehman Qureshi
670 ## - SOURCE DATA FOUND
- Source citation: Work cat.: (NUST): Khan Shawaz Muhammad Rashid Abdul Rehman Qureshi , PR-SOF-1810-Computing Optimum Seam Angle and Pace for Enhancement of Reverse Swing in Cricket Bowling, 2019
